Úvod do studia staročeských rukopisů a tisků
| Titel: | Úvod do studia staročeských rukopisů a tisků / Milan Kopecký |
|---|---|
| Verfasser: | |
| Veröffentlicht: | Praha : SPN, 1978 |
| Umfang: | 179 S. : zahlr. Ill. |
| Format: | Buch |
| Sprache: | Tschechisch |
| RVK-Notation: |
X
alg: 8446453 001A $00004:22-11-99 001B $01999:18-10-24 $t18:49:13.000 001D $00004:22-11-99 001U $0utf8 001X $00 002@ $0Aar 003@ $0084464534 003O $0174471051 $aOCoLC 007A $0084464534 $aHEB 007T $0Herdhh084464534 010@ $acze 011@ $a1978 013H $0z 021A $aÚvod do studia staročeských rukopisů a tisků $hMilan Kopecký 028A $D20231015 $Ecgwrk $71142411826 $8Kopecký, Milan$Z1925-2006 [Tp3] $9419472738 033A $pPraha $nSPN 034D $a179 S. 034M $azahlr. Ill. 044K $#Criticism, Textual $#Critique textuelle $#Critica del testo $74059657-6 $8Textkritik [Ts1] $9085165956 044K $RTschechisch $74120135-8 $8Alttschechisch [Ts1] $9085381950 044K $RWestslawische Sprachen $#Tschechische Sprache $74061084-6 $8Tschechisch [Ts1] $9085169617 044K $RBuchdruck $74155531-4 $8Frühdruck [Ts1] $9085661279 044K $RSchriftdenkmal $RManuskript $RAutograf $#Manuscripts $#Manuscrits $#Buchhandschrift $#Handschriften $74023287-6 $8Handschrift [Ts1] $9085057509 045F $a901.094371 $eDDC23BSB 045F/01 $a901 045F/03 $g4371 045G $a002.094371 $eDDC23BSB 045G/01 $a002.09 045G/03 $g4371 045H $a907.2094371 $eDDC23BSB 045H/01 $a907.2 045H/03 $g4371 045Z $8KS 1815 [Tkv] $9409313696 lok: 8446453 3 exp: 8446453 3 1 #EPN 201B/01 $017-04-11 $t02:46:01.000 201U/01 $0utf8 203@/01 $0616467435 206W/01 $0UB1-s7160078 208@/01 $a01-01-11 $brAa 209A/01 $a81.482.50 $du $f000 $x00 209B/01 $aStUB-Retro $x05 209G/01 $a81482500 $x00 209U/01 $qimage/gif $A2 $3Katalogkarte der UB Frankfurt $uhttp://resolver.hebis.de/retro/s7160078 $mV:DE-603;B:DE-30 247C/01 $8601000-3 <30>Frankfurt, Universitätsbibliothek J. C. Senckenberg, Zentralbibliothek (ZB) $9102598258 lok: 8446453 24 101B $021-06-06 $t14:39:01.000 101C $021-06-06 145Z/01 $a23 5 A 145Z/02 $a23 15 H 101U $0utf8 exp: 8446453 24 1 #EPN 201B/01 $021-06-06 $t14:39:01.000 201C/01 $021-06-06 203@/01 $0409868140 208@/01 $a21-06-06 $br 209A/01 $a23 V A 19 $du $f050 $h23 5 A 19 $x00 209C/01 $aT 78.4025 $h78 4025 T 209G/01 $a71386414 $x00 220C/01 $akol 247C/01 $8358050-7Marburg, Bibliothek des Herder-Instituts Marburg $9102600961 201U/01 $0utf8 lok: 8446453 25 exp: 8446453 25 1 #EPN 201B/01 $017-12-02 $t12:46:07.565 201C/01 $015-07-02 203@/01 $0172877083 208@/01 $a15-07-02 $br 209A/01 $a069.754 $du $f000 $x00 209C/01 $a78/4013-2 209G/01 $a10697543 $x00 209G/01 $aFREIHAND $x01 247C/01 $8651000-0 <77>Mainz, Universität Mainz, Zentralbibliothek $9102599602 201U/01 $0utf8 lok: 8446453 78 exp: 8446453 78 1 #EPN 201B/01 $025-11-17 $t23:16:56.000 201U/01 $0utf8 203@/01 $0792802500 208@/01 $a12-11-16 $be 209A/01 $a/ $f000 $x00 237A/01 $aweiterführende Signatur(en): Herder-Institut: 23 V A 19 244Z/01 $#Tschechien $#Tschechische Republik $#Tschechische Republik $#Tschechenland $#Tschechei Tschechien $#Česká Republika $#Czech Republic $#ČR $74303381-7 $8--Tg1--Tschechien $x01 $9086659812 244Z/01 $2Trx $#Böhmen $#Bohemia $#Czechy $8--Trx--Čechy $x02 $9391188941 244Z/01 $2Trx $8--Trx--Monographie $x03 $9391384546 245Z/01 $a04.03 $x01 247C/01 $82080>Marburg/Lahn, Herder-Institut, Forschungsbibliothek, Bibliographieportal $9336309341 lok: 8446453 204 exp: 8446453 204 1 #EPN 201B/01 $025-01-08 $t12:23:02.000 201C/01 $022-11-99 201U/01 $0utf8 203@/01 $0138995532 208@/01 $a22-11-99 $br 209A/01 $aMSla Dk 649 $du $f000 $x00 245S/01 $a21000 $x01 247C/01 $8631000-x <26>Gießen, Universität Gießen, Universitätsbibliothek Gießen $9102596697 lok: 8446453 205 exp: 8446453 205 1 #EPN 201B/01 $009-03-06 $t05:56:19.000 201C/01 $022-11-99 203@/01 $0138995524 208@/01 $a22-11-99 $br 209A/01 $aA 80/241 $du $f000 $x00 209B/01 $a98 $x05 209G/01 $a22529730 $x00 247C/01 $8351000-1 <4>Marburg, Universität Marburg, Universitätsbibliothek $9102594767 201U/01 $0utf8
| LEADER | 00000cam a22000002c 4500 | ||
|---|---|---|---|
| 001 | 084464534 | ||
| 003 | DE-603 | ||
| 005 | 20241018184913.0 | ||
| 007 | tu | ||
| 008 | 991122s1978 xx |||| | u00||u|cze c | ||
| 035 | |a (DE-599)HEB084464534 | ||
| 035 | |a (OCoLC)174471051 | ||
| 040 | |a DE-603 |b ger |c DE-603 |d DE-603 | ||
| 041 | |a cze | ||
| 082 | 0 | 4 | |8 1\u |a 901.094371 |q DE-101 |2 23/BSB |
| 083 | 0 | |8 2\u |a 002.094371 |q DE-101 |2 23/BSB | |
| 083 | 0 | |8 3\u |a 907.2094371 |q DE-101 |2 23/BSB | |
| 084 | |a KS 1815 |0 (DE-625)83907: |0 (DE-603)409313696 |2 rvk | ||
| 085 | |8 1\u |b 901 | ||
| 085 | |8 1\u |z 2 |s 4371 | ||
| 085 | |8 2\u |b 002.09 | ||
| 085 | |8 2\u |z 2 |s 4371 | ||
| 085 | |8 3\u |b 907.2 | ||
| 085 | |8 3\u |z 2 |s 4371 | ||
| 100 | 1 | |a Kopecký, Milan |d 1925-2006 |0 (DE-603)419472738 |0 (DE-588)1142411826 |2 gnd | |
| 245 | 0 | 0 | |a Úvod do studia staročeských rukopisů a tisků |c Milan Kopecký |
| 264 | 1 | |a Praha |b SPN |c 1978 | |
| 300 | |a 179 S. |b zahlr. Ill. | ||
| 650 | 7 | |a Textkritik |0 (DE-588)4059657-6 |0 (DE-603)085165956 |2 gnd | |
| 650 | 7 | |a Alttschechisch |0 (DE-588)4120135-8 |0 (DE-603)085381950 |2 gnd | |
| 650 | 7 | |a Tschechisch |0 (DE-588)4061084-6 |0 (DE-603)085169617 |2 gnd | |
| 650 | 7 | |a Frühdruck |0 (DE-588)4155531-4 |0 (DE-603)085661279 |2 gnd | |
| 650 | 7 | |a Handschrift |0 (DE-588)4023287-6 |0 (DE-603)085057509 |2 gnd | |
| 924 | 0 | |9 30 |a (DE-603)616467435 |b DE-30 |c HES |d c |g 81.482.50 | |
| 924 | 0 | |9 Mb 50 |a (DE-603)409868140 |b DE-Mb50 |c HES |d c |g 23 V A 19 | |
| 924 | 0 | |9 77 |a (DE-603)172877083 |b DE-77 |c HES |d c |g 069.754 |h FREIHAND | |
| 924 | 0 | |9 2080 |a (DE-603)792802500 |b DE-2080 |c HES |d d |g / | |
| 924 | 0 | |9 26 |a (DE-603)138995532 |b DE-26 |c HES |d c |g MSla Dk 649 | |
| 924 | 0 | |9 4 |a (DE-603)138995524 |b DE-4 |c HES |d c |g A 80/241 | |


